000 00711npc a2200205Ia 4500
001 dd36-50222
003 IT-MiCISF
008 161014s9999||||xx | und||
040 _aIT-MiCISF
_cIT-MiCISF
041 _ait
100 _aLagomarsino Francesca (a cura di)
245 0 _aScegliere la scuola
_bVantaggi e costi della libertà di scelta delle famiglie
250 _a1a ed.
260 _bAgesc, Cdo opere educative, CIOFS Scuola FMA, CNOS Scuola
_c2011
300 _app. 65
500 _aCPS, FAES, FIDAE, FISM. # Pasolini R., Colombo M., Ribolzi L., Agasisti T., Pandolfini V., Gentili C. # / scuola, famiglia, economia /
650 _ascuola
942 _cDD
957 _71
999 _a50222
_bsi
_g1
_c208125
_d208125